Sinh thái học các hệ cửa sông Việt Nam : Khai thác, duy trì và quản lý tài nguyên cho phát triển bền vững

Saved in:
Bibliographic Details
Main Author:  Vũ, Trung Tạng
Format: Sách
Language:Undetermined
Published:  Giáo dục Việt Nam  2009
Subjects:
Tags: Add Tag
No Tags, Be the first to tag this record!
Institutions: Trung tâm Thư viện - Trường Đại học Công nghiệp TP. Hồ Chí Minh
LEADER 00632nam a2200157Ia 4500
001 UIH_03420
008 231011s9999 xx 000 0 und d
082 |a  577.6409597 
100 |a  Vũ, Trung Tạng 
245 0 |a  Sinh thái học các hệ cửa sông Việt Nam : Khai thác, duy trì và quản lý tài nguyên cho phát triển bền vững 
245 0 |c  Vũ, Trung Tạng 
260 |b  Giáo dục Việt Nam 
260 |c  2009 
650 |a  Sinh thái học cửa sông;  
927 |a Sách 
980 |a Trung tâm Thư viện - Trường Đại học Công nghiệp TP. Hồ Chí Minh